03161nam a2200301 a 450000100060000000300080000600500170001400800410003103500190007204000320009104100080012308200390013110000270017024500560019725000300025326000650028330000250034850000190037350410110039250511140140365000330251765100310255070000490258170000550263070000630268570000530274870000580280174548BD-RjUL20211209082552.0181023r18771976ii a 001 0 eng d a(BD-RjUL)74766 aDLCcCUYdCUYdBD-RjULbeng aeng 223a915.414021bHUS V-11-V-20 19761 aHunter, William Wilson12aA statistical account of Bengal /cBy W. W. Hunter  a1st Indian Reprinted ed. aDelhi :bConcept Publishing Company,c1877 [Reprinted 1976]. av. :bill. ;c23 cm. aInclude Index. a"Vol. 11. Districts of Patna and Saran / The Account of Patns has been compiled by D. B. Allen and that of Saran by A.W. Mackie v. 12. Districts of Gayá and Sháhábád / The Account of Gaya has been compiled by D. B. Allen ; and that of Shahabad by Messers D. B. Allen, A. W. Mackie and H. H. Risley v. 13. Tirhut and Champáran / This volume has been compiled by A. W. Mackie v. 14. Districts of Bhágalpur and the Santál Parganás / The Account of Bhágalpur has been compiled by C. J. O'Donnell and that of the Santal Parganas by H. H. Risley v. 15. Districts of Monghyr and Purniah / this volume has been compiled by C. J. O'Donnell v. 16. Districts of Hazáribágh and Lohárdagá / This volume has been compiled by H. H. Risley v. 17. Singbhum District, Tributary States of Chutia Nagpur, and Manbhum / This volume has been compiled by H. H. Risley v. 20. Fisheries and botany of Bengal by Surgeon-majors Day, Buchanan-Hamilton, King, and Mr. Kurz with general index |" 0 aVol. 11. Districts of Patna and Saran / The Account of Patns has been compiled by D. B. Allen and that of Saran by A.W. Mackie -- v. 12. Districts of Gayá and Sháhábád / The Account of Gaya has been compiled by D. B. Allen ; and that of Shahabad by Messers D. B. Allen, A. W. Mackie and H. H. Risley -- v. 13. Tirhut and Champáran / This volume has been compiled by A. W. Mackie -- v. 14. Districts of Bhágalpur and the Santál Parganás / The Account of Bhágalpur has been compiled by C. J. O'Donnell and that of the Santal Parganas by H. H. Risley -- v. 15. Districts of Monghyr and Purniah / this volume has been compiled by C. J. O'Donnell - v. 16. Districts of Hazáribágh and Lohárdagá / This volume has been compiled by H. H. Risley - v. 17. Singbhum District, Tributary States of Chutia Nagpur, and Manbhum / This volume has been compiled by H. H. Risley - v. 18. District of Cuttack and Balasor.- v. 19. District of Puri and the Orissa Tributary States.- v. 20. Fisheries and botany of Bengal by Surgeon-majors Day, Buchanan-Hamilton, King, and Mr. Kurz with general index  aBengal (India) xStatistics  aIndiazBengal vStatistics aAllen, D. B. , [compilor of v. 11 & v. 12]  aMackie, A.W. , [compilor of v.11, v. 12 & v. 13]  aRisley, H. H. , [compilor of v. 12, v. 14, V. 16 & v. 17] aO'Donnell, C. J. , [compilor of v. 14 & v. 15]  aDay, Surgeon-majors ... [et al], [compilor of v. 20]